000 02077nam0a2200373 4500
001 RU\NLR\BIBL_A\012594161
005 20211022162920.0
010 _a978-5-00177-177-7
_9500
021 _aRU
_bКН-П-21-030585
_9КН-П-21-2371
035 _a(NLR Aleph) 012594161
090 _a12561613
_c12561613
100 _a20210910d2021 k y0rusy50 ca
101 0 _arus
_deng
102 _aRU
105 _aa z 000zy
181 0 _ai
_baxxe
182 0 _an
200 1 _aИнновационное развитие как фактор конкурентоспособности национальной экономики
_eмонография
_fАэтерна, научно-издательский центр, Omega Science, международный центр инновационных исследований
_g[под ред. А. А. Сукиасян]
203 _aТекст
_bвизуальный
_cнепосредственный
210 _aУфа
_cНИЦ Аэтерна
_cМЦИИ Омега Сайнс
_d2021
215 _a90, [1] с.
_cил.
_d21
300 _aНа тит. с. : Вып. 47
300 _aРез. ст. на англ. яз.
320 _aБиблиогр. в конце ст.
606 1 _aНациональная экономика
_xКонкурентоспособность
_yРоссийская Федерация
_92254145
_3RU\NLR\AUTH\6601582273
686 1 _aУ03(2Р)74
686 1 _aУ9(2)-13(2Р)
702 1 _4340
_7ca
_8rus
_aСукиасян
_bА. А.
_cканд. экон. наук
_gАсатур Альбертович
_9222547
_3RU\NLR\AUTH\770222603
712 0 2 _4475
_a"Аэтерна", научно-издательский центр
_cУфа
_9475081
_3RU\NLR\AUTH\880404035
942 _cBOOK
980 _aNB